Normal view
MARC view
Entry Personal Name
001 - CONTROL NUMBER
- control field: 11490
003 - CONTROL NUMBER IDENTIFIER
- control field: ARRUPE
005 - DATE AND TIME OF LATEST TRANSACTION
- control field: 20140923115932.0
008 - FIXED-LENGTH DATA ELEMENTS
- fixed length control field: 140923|| aca||aabn | a|a d
040 ## - CATALOGING SOURCE
- Original cataloging agency: ARRUPE
- Transcribing agency: ARRUPE
100 ## - HEADING--PERSONAL NAME
- Personal name: Nalimov, V. V.
- Fuller form of name: (Vasiliĭ Vasilʹevich),
- Dates associated with a name: 1910-1997.
670 ## - SOURCE DATA FOUND
- Source citation: Work cat.: (ARRUPE)0: Nalimov, V. V. (Vasiliĭ Vasilʹevich), 1910-1997., Realms of the unconscious :, c1982.